Application of the project control standards and qualifications (Record no. 75629)

MARC details
000 -LEADER
fixed length control field 00882cab a2200181 4500
001 - CONTROL NUMBER
control field L130454
008 - FIXED-LENGTH DATA ELEMENTS--GENERAL INFORMATION
fixed length control field 050801n2005 000 0 eng u
035 ## - SYSTEM CONTROL NUMBER
System control number (Sirsi) u130454
041 ## - LANGUAGE CODE
Language code of text/sound track or separate title eng
100 ## - MAIN ENTRY--PERSONAL NAME
Personal name Malleson, Howard
245 ## - TITLE STATEMENT
Title Application of the project control standards and qualifications
260 ## - PUBLICATION, DISTRIBUTION, ETC.
Date of publication, distribution, etc. 2005
490 ## - SERIES STATEMENT
Series statement Cost Engineer
Volume/sequential designation 43(4) July 2005, 8-11(4)
520 ## - SUMMARY, ETC.
Summary, etc. Reviews the Project Control Occupational Standards and the application of the standards and qualifications in the workplace. Looks at the creation and content of the standards including new content. Concludes that the standards will help improve project execution performance, improve the professional status and recognition of project control practitioners and help attract younger people into the profession.
590 ## - LOCAL NOTE (RLIN)
Local note IKA020805
690 ## - LOCAL SUBJECT ADDED ENTRY--TOPICAL TERM (OCLC, RLIN)
Topical term or geographic name as entry element Project management
9 (RLIN) 6261
942 ## - ADDED ENTRY ELEMENTS (KOHA)
Suppress in OPAC 0
Holdings
Withdrawn status Lost status Source of classification or shelving scheme Damaged status Not for loan Home library Current library Shelving location Date acquired Total Checkouts Full call number Barcode Date last seen Copy number Price effective from Koha item type
    Dewey Decimal Classification     London London Journal article 01/08/2005   L130454 130454-1001 06/08/2019 1 06/08/2019 Journal article